|
|
|
|
| LEADER |
00763nta a2200205 i 4500 |
| 001 |
dipl135610 |
| 005 |
20230808152953.0 |
| 008 |
230808s2022 hu om 0|| hun d |
| 040 |
|
|
|a SZTE Diploma Repozitórium
|b hun
|
| 041 |
|
|
|a hun
|
| 100 |
1 |
|
|a Szász Ágnes
|
| 245 |
1 |
0 |
|a Környezettudatosság az élelmiszeriparban
|h [elektronikus dokumentum] /
|c Ágnes Szász
|
| 246 |
1 |
0 |
|a Environmental awareness in the food industry
|h [elektronikus dokumentum]
|
| 260 |
|
|
|c 2022
|
| 650 |
|
4 |
|a Mérnöki tudományok
|
| 650 |
|
4 |
|a Engineering and technology
|
| 650 |
|
4 |
|a Other engineering and technologies
|
| 650 |
|
4 |
|a Food and beverages
|
| 700 |
2 |
|
|a Szepesi Bencsik Dóra
|e ths
|
| 856 |
4 |
0 |
|u https://diploma.bibl.u-szeged.hu/id/eprint/135610/1/2022_szasz_agnes.pdf
|z Dokumentum-elérés
|